| 000 | 03095nam a2200349 a 4500 | ||
|---|---|---|---|
| 001 | |||
| 003 | DO-SdBNP | ||
| 005 | 20211026131611.0 | ||
| 008 | 090709s2009 dr ac 001 0 spa d | ||
| 020 | _a9789945161724 | ||
| 040 |
_aDO-SdBNP _bspa _cBPMSU |
||
| 082 |
_a342.729302 _bR426c, 2009 _222 |
||
| 110 | 2 | _aRepública Dominicana. | |
| 240 | 1 | 0 | _aConstitución (1963) |
| 245 | 1 | 0 |
_aConstitución de la Nación Dominicana de 1963 / _canotada e indizada por Aura Celeste Fernández R. |
| 250 | _a3ª ed. | ||
| 260 |
_aSanto Domingo : _bCPEP, _c2009. |
||
| 300 |
_a400 p. : _bil., retrs. ; _c23 cm. |
||
| 490 | 0 |
_aPublicaciones de la Comisión Permanente de Efemérides Patrias 2004-2009; _v33 |
|
| 500 | _aIncluye ponencias complementarias sobre el tema, escritas con fines educativos. | ||
| 500 | _aIncluye datos biografícos de la autora en la solapa de la cubierta | ||
| 504 | _aIncluye bibliografía y notas a pie de las páginas. | ||
| 505 | 0 |
_tPrefacio -- _tConstitución del 29 de abril de 1963 -- _tPreámbulo -- _tPrincipios fundamentales -- _tI.- Relaciones económicas y ético-sociales -- _tDe los derechos humanos -- _tII.- Organización de la República -- _tDe la Nación, de su gobierno -- _tDerechos políticos -- _tDel Poder Legislativo -- _tDel Congreso -- _tDe la formación de las leyes -- _tDel Poder Ejecutivo -- _tDel Poder Judicial -- _tDel Distrito Nacional y los municipios -- _tDel régimen de las provincias -- _tDe las asambleas electorales -- _tDe las Fuerzas Armadas -- _tDisposiciones generales -- _tDe las reformas constitucionales -- _tDisposiciones transitorias -- _tÍndice de conceptos -- _tÍndice de anotaciones -- _tApéndices -- _tBibliografía. |
|
| 505 | 0 |
_tLa Constitución de 1963, 40 años después: vigencia y perspectivas: _tPresentación / _rAura Celeste Fernández R. -- _tApertura del acto en conmemoración del 40 aniversario de la Constitución de 1963 / _rDiómedes Núñez Polanco -- _tApertura del Panel "Constitución de 1963, 40 años después: vigencia y perspectivas" / _rGuillermo Moreno -- _tLos derechos sociales en la Constitución de 1963 / _rRafael Albuquerque -- _tConstitución de 1963 en sus antecedentes y herencias / _rLuis Gómez Pérez -- _tDerechos humanos en la Constitución de 1963 / _rCésar Pina Toribio -- _tFactores que incidieron en la formación de la Constitución de 1963 / _rFlavio Darío Espinal Jacobo -- _tTrascendencia histórica de la Constitución de 1963: insinuaciones para la revolución democrática y popular dominicana / _tImpacto de la Constitución de 1963 en la prensa / _rRafael Molina Morillo -- _tEl legado de la Constitución Dominicana de 1963 a la reforma constitucional pendiente / _rLeyda Margarita Piña -- _tPalabras cierre del evento / _rDaniel Beltré -- _gAnexos. |
|
| 590 | _aInventariado, 2018/ YL | ||
| 651 | 4 |
_aRepública Dominicana _xConstitución (1963) |
|
| 651 | 4 |
_aRepública Dominicana _zDerecho Constitucional |
|
| 700 | 1 |
_aFernández Rodríguez, Aura Celeste, _d1958-, |
|
| 710 | 2 | _aComisión Permanente de Efemérides Patrias (República Dominicana) | |
| 910 | _aVMateo V. | ||
| 942 |
_2ddc _cBK |
||
| 999 |
_c13824 _d13824 |
||